Statystyki dla Tabela Ekstraklasy w sezonie 2021/22

Kliknij tutaj aby rozwiązać quiz!

Ogólne statystyki

  • Ten quiz został rozwiązany 26 razy
  • Średni wynik to 12 z 18

Statystyki odpowiedzi

Poz.DrużynaPkt.% Poprawnych
1Lech Poznań74
100%
4Lechia Gdańsk57
95%
3Pogoń Szczecin65
95%
2Raków Częstochowa69
95%
10Legia Warszawa43
82%
5Piast Gliwice54
64%
17Wisła Kraków31
64%
6Wisła Płock48
64%
9Cracovia46
55%
8Górnik Zabrze47
55%
7Radomiak Radom48
50%
15Śląsk Wrocław35
50%
11Warta Poznań42
50%
13Zagłębie Lubin38
50%
16B-B Termalica Nieciecza32
45%
18Górnik Łęczna28
45%
12Jagiellonia Białystok40
45%
14Stal Mielec37
45%

Rozkład punktacji

Percentyl według liczby udzielonych odpowiedzi

Procent ludzi z każdym wynikiem

Twoja historia wyników

Nie rozwiązałeś tego quizu